000 01623cam a22002054a 4500
005 20250605164205.0
008 250528s ||||||||||||||||||||||||d
035 _a19922
020 _a9608508517
040 _aGR-AtMCL
_bgre
_dGR-AtMCL
_eAACR2
245 1 _aΘεωρίες Μάθησης και Εκπαιδευτική Πράξη Συμπεριφοριστικές Θεωρίες / Συγχρονές Ψυχολογικές Θεωρίες Μάθησης.
_nΤόμος Α'
250 _a
260 _bΑθήνα,
_c2005
300 _a224
520 _aΗ σειρά ''Συγχρονές Ψυχολογικές Θεωρίες Μάθησης'' πραγματεύεται τις ψυχολογικές θεωρίες μάθησης και τις εφαρμογές του στην εκπαιδευτική δράση. Πρόλογος, Περιεχόμενα, Εισαγωγή, Η Ψυχολογία ως Επιστήμη, Ψυχολογία και Εκπαίδευση, Μάθηση και Εκπαιδευτική Πράξη, Οι Κλασσικές Συμπεριφοριστικές Θεωρίες Μάθησης, Συνειρμική - Κλασσική Εξαρτημένη Μάθηση, Το Πρότυπο της Συνειρμικής - Συντελεστικής Μάθησης, Γενική Ανασκόπηση των Συνειρμικών - Συμπεριφοριστικών Θεωριών Μάθησης, Βιβλιογραφία, Πίνακας Όρων και Ονομάτων.
700 1 _aΚολιάδης Εμμανουήλ Α
_92623
942 _cBK
999 _c5163
_d5163